कथक और अध्यातम / (Record no. 119318)

MARC details
000 -LEADER
fixed length control field 01177nam a22002897a 4500
003 - CONTROL NUMBER IDENTIFIER
control field dpl
005 - DATE AND TIME OF LATEST TRANSACTION
control field 20190226153051.0
008 - FIXED-LENGTH DATA ELEMENTS--GENERAL INFORMATION
fixed length control field 190226b ||||| |||| 00| 0 eng d
010 ## - LIBRARY OF CONGRESS CONTROL NUMBER
LC control number B-034045
020 ## - INTERNATIONAL STANDARD BOOK NUMBER
Terms of availability 00.00
International Standard Book Number 8174872051
035 ## - SYSTEM CONTROL NUMBER
System control number B-034045, B-034049
037 ## - SOURCE OF ACQUISITION
Source of stock number/acquisition Cen Lib/Ret
040 ## - CATALOGING SOURCE
Original cataloging agency DPL
Language of cataloging HN
Transcribing agency 0
082 ## - DEWEY DECIMAL CLASSIFICATION NUMBER
Classification number 792
Item number गुप्ताभा
100 ## - MAIN ENTRY--PERSONAL NAME
Personal name गुप्ता, भारती
9 (RLIN) 84333
245 ## - TITLE STATEMENT
Title कथक और अध्यातम /
Statement of responsibility, etc भारती गुप्ता
246 ## - VARYING FORM OF TITLE
Title proper/short title Kathak aur adhyatam /
Remainder of title by Bharti Gupta
260 ## - PUBLICATION, DISTRIBUTION, ETC. (IMPRINT)
Place of publication, distribution, etc नयी दिल्ली
Name of publisher, distributor, etc राधा पब्लिकेशन
Date of publication, distribution, etc 2001
270 ## - ADDRESS
City नयी दिल्ली
Address 4278/4बी अंसारी रोड, दरियागंज
Postal code 110002
300 ## - PHYSICAL DESCRIPTION
Extent 130पृ.
Dimensions 20सेमी(सजिल्द )
500 ## - GENERAL NOTE
General note सन्दर्भ सूची शामिल
650 ## - SUBJECT ADDED ENTRY--TOPICAL TERM
Topical term or geographic name as entry element कथक (नृत्य)
General subdivision
Geographic subdivision
9 (RLIN) 84334
650 ## - SUBJECT ADDED ENTRY--TOPICAL TERM
Topical term or geographic name as entry element नृत्य - भारत
9 (RLIN) 84335
650 ## - SUBJECT ADDED ENTRY--TOPICAL TERM
Topical term or geographic name as entry element Kathak (Dance)
9 (RLIN) 25470
650 ## - SUBJECT ADDED ENTRY--TOPICAL TERM
Topical term or geographic name as entry element Dance--India
9 (RLIN) 24858
942 ## - ADDED ENTRY ELEMENTS (KOHA)
Source of classification or shelving scheme Dewey Decimal Classification
Koha item type Hindi Books
Classification part 792
Call number suffix गुप्ताभा
Holdings
Withdrawn status Lost status Damaged status Not for loan Home library Current library Date acquired Source of acquisition Cost, normal purchase price Total Checkouts Full call number Barcode Date last seen Date checked out Copy number Cost, replacement price Price effective from Koha item type Source of classification or shelving scheme Collection code
        Central Library Central Library 16/09/2015 Cen Lib/Ref 0.00 1 792 गुप्ताभा B-034045 09/06/2018 07/06/2018 1 0.00 16/09/2015 Hindi Books    
        Shahdara Branch Shahdara Branch 26/02/2019 BPPD/PUB 0.00   792 गुप्ताभा B-034049 26/02/2019     0.00 26/02/2019 Hindi Books Dewey Decimal Classification Non-fiction

© Delhi Public Library
Hit Counter
free hit counter